000 00875cam a22002412 4500
001 0000013269
005 20151217152125.0
008 090722s xx 000 0 eng d
020 _a2831701484
040 _aKABU
_cKABU
110 2 _aInternational Union for Conservation of Nature and Natural Resources.
_@0000161908
245 1 0 _aReflective institutions :
_beight characteristics of institutions that encourage and respond to learning by doing /
_cprepared by Eric Dudley and Alejandro Imbach.
250 _a1st ed.
260 _aCambridge, UK :
_bIUCN,
_c1997.
300 _a21 p.
650 0 _aManagement.
_@0000083920
650 0 _aOrganizational behavior.
_@0000150790
700 1 _aDudley, Eric.
_@0000170424
700 1 _aImbach, Alejandro.
_@0000170425
852 1 _9p100 KES
908 _a090722
950 _@1
999 _c8508
_d8508